Tài liệu bồi dưỡng về quản lý hành chính nhà nước chương trình chuyên viên

সংরক্ষণ করুন:
গ্রন্থ-পঞ্জীর বিবরন
প্রধান লেখক: Học viện QGHC
বিন্যাস: গ্রন্থ
ভাষা:Undetermined
প্রকাশিত: Học viện QGHC 2001
বিষয়গুলি:
ট্যাগগুলো: ট্যাগ যুক্ত করুন
কোনো ট্যাগ নেই, প্রথমজন হিসাবে ট্যাগ করুন!
Thư viện lưu trữ: Trung tâm Học liệu Trường Đại học Cần Thơ
LEADER 00536nam a2200157Ia 4500
001 CTU_54951
008 210402s9999 xx 000 0 und d
082 |a 351.597 
082 |b H419/P3 
100 |a Học viện QGHC 
245 0 |a Tài liệu bồi dưỡng về quản lý hành chính nhà nước chương trình chuyên viên 
245 0 |c Học viện QGHC 
260 |b Học viện QGHC 
260 |c 2001 
650 |a public administration 
980 |a Trung tâm Học liệu Trường Đại học Cần Thơ